000 00249nam a2200097Ia 4500
001 734531
005 20250826163835.0
008 250824s9999 xx 000 0 und d
245 0 _aYOK DAHA NELER SERİSİ-7
_cASENA MERİÇ
260 _bYEDİVEREN ÇOCUK
999 _c734531
_d734531